NBA : Le Meneur de chaque franchise - Statistiques

Statistiques générales
  • Ce quiz a été pris 425 fois
  • Le résultat moyen est 19 sur 30
Statistiques - réponses
Franchises Joueurs % Correct
Golden State Warriors Stephen Curry
91%
New-York Knicks Jalen Brunson
90%
Atlanta Hawks Trae Young
90%
Indiana Pacers Tyrese Haliburton
90%
Los Angeles Lakers Luka Doncic
89%
Milwaukee Bucks Damian Lillard
87%
Memphis Grizzlies Ja Morant
86%
Charlotte Hornets LaMelo Ball
86%
Denver Nuggets Jamal Murray
84%
Oklahoma Thunder Shai Gilgeous-Alexander
83%
Cleveland Cavaliers Darius Garland
82%
New Orleans Pelicans Dejounte Murray
81%
Los Angeles Clippers James Harden
80%
Phoenix Suns Devin Booker
79%
Detroit Pistons Cade Cunningham
78%
Boston Celtic Jrue Holiday
73%
Dallas Mavericks Kyrie Irving
73%
Philadelphie 76ers Tyrese Maxey
72%
San Antonio Spurs Chris Paul
69%
Miami Heat Tyler Herro
67%
Houston Rockets Fred Vanvleet
63%
Washington Wizard Jordan Poole
47%
Chicago Bulls Josh Giddey
44%
Portland Trail Blazers Scoot Henderson
29%
Brooklyn Nets D'Angelo Russell
26%
Sacramento Kings Malik Monk
19%
Minnesota Timberwolves Donte DiVincenzo
15%
Utah Jazz Jordan Clarkson
15%
Orlando Magic Cory Joseph
6%
Toronto Raptors Jamal Shead
3%
Aucun quiz correspondant
Distribution des résultats
% des personnes avec chaque résultat
Percentile par nombre de réponses
Votre historique - résultats
Vous n’avez pas pris ce quiz